mysqli: Table './ulib62015/stat_globaluid' is marked as crashed and should be repaired
select id from stat_globaluid where statuid='20260517200356_2764'
mysqli: Table './ulib62015/stat_globaluid' is marked as crashed and should be repaired
DELETE FROM stat_globaluid
WHERE id NOT IN (
SELECT id
FROM (
SELECT id
FROM stat_globaluid
ORDER BY id DESC
LIMIT 100
) foo
);
mysqli: Table './ulib62015/stat_globaluid' is marked as crashed and should be repaired
insert into stat_globaluid set
statuid='20260517200356_2764',
dt='1779023036',
phpself='/ULIB62015/dublinfull.php',
agent='Mozilla/5.0 AppleWebKit/537.36 (KHTML, like Gecko; compatible; ClaudeBot/1.0; +claudebot@anthropic.com)',
yea='2026',
mon='5',
dat='17',
ip='216.73.216.45'
mysqli: Table './ulib62015/stathist_viewbib_bib_type' is marked as crashed and should be repaired
insert into stathist_viewbib_bib_type set
dat='17' ,
mon='05' ,
yea='2026' ,
statuid='20260517200356_2764' ,
head='13399122701' ,
foot='marc' ,
dt='1779023036'
| LEADER : 00000nam 2200000uu 4500 |
| 001 13399122701 |
| 003 ULIB |
| 008 200602s2017||||th 000 0 eng d |
| 020 ^a9780323356237 (pbk. : alk. paper)
|
| 060 04 ^aWN200^bL848r 2017
|
| 100 1 ^aLong, Bruce W.
|
| 245 10 ^aRadiography essentials for limited practice /^cBruce W. Long, Eugene D. Frank, and Ruth Ann Ehrlich
|
| 250 ^aFifth edition.
|
| 260 ^aSt. Louis, MO :^bElsevier,^cc2017.
|
| 300 ^axi, 643 pages :^billustrations ;^c28 cm.
|
| 504 ^aIncludes bibliographical references and index.
|
| 650 0 ^aRadiography, Medical.
|
| 650 12 ^aRadiography^xmethods.
|
| 650 22 ^aAllied Health Personnel.
|
| 650 22 ^aTechnology, Radiologic.
|
| 700 1 ^aFrank, Eugene D.,^eauthor.
|
| 700 1 ^aEhrlich, Ruth Ann,^d1938-^eauthor.
|
| 945 ^p3110^l0^i027825 |
| 999 ^a57066
|
| คุณยังไม่ได้ล็อกอิน คุณสามารถมีกิจกรรมร่วมกับเว็บไซต์ได้ แต่ต้องล็อกอินก่อน :: |
|
|
|
| ลำดับที่ |
ประเภท |
เลขเรียก/บาร์โค้ด |
สถานที่ |
สถานะ |
| 1. |
 หนังสือ | WN200 L848r 2017 Barcode: 027825 | หนังสือทั่วไป | ถูกยืม กำหนดส่งวันที่ 18 พฤษภาคม 2569
จอง |
| Note:งบประมาณปี 2563 |
รายการใกล้เคียง
ผู้แต่ง [Long, Bruce W.]
หัวเรื่อง [Radiography, Medical.] หัวเรื่อง [Allied Health Personnel.] หัวเรื่อง [Technology, Radiologic.]
|
|
ยังไม่เคยถูกคอมเมนท์
|
| คอมเมนท์ทรัพยากรรายการนี้ |
|